La plaza en la arquitectura contemporánea /
Gespeichert in:
| 1. Verfasser: | |
|---|---|
| Format: | Buch |
| Sprache: | Spanisch |
| Veröffentlicht: |
Barcelona, España :
Gustavo Gili,
1995, c1995
|
| Schlagworte: | |
| Tags: |
Keine Tags, Fügen Sie das erste Tag hinzu!
|
MARC
| LEADER | 00000nam^a2200000^a^4500 | ||
|---|---|---|---|
| 001 | 000053026 | ||
| 005 | 20250521000000.0 | ||
| 009 | 20260310090417.164 | ||
| 020 | |a 84-252-1664-8 | ||
| 037 | |a Acervo ITESO - Biblioteca | ||
| 041 | |a ESP | ||
| 082 | |a 712. 5 |b FAV | ||
| 100 | |a Favole, Paolo |e (autor) | ||
| 245 | 1 | 3 | |a La plaza en la arquitectura contemporánea / |c P. Favole ; tr. por Antonio Solanas i Casanovas. |
| 264 | 4 | |a Barcelona, España : |b Gustavo Gili, |c 1995, c1995 | |
| 300 | |a 197 p. | ||
| 336 | |a texto |b txt |2 rdacontenido | ||
| 337 | |a sin mediación |b n |2 rdamedio | ||
| 338 | |a volumen |b nc |2 rdasoporte | ||
| 500 | |a Traducción de: Piazze nell'architettura contemporanea | ||
| 649 | |a XX | ||
| 650 | |a Plazas | ||
| 650 | |a Diseño Arquitectónico | ||
| 650 | |a Arquitectura del Paisaje | ||
| 650 | |a Diseño Urbano | ||
| 650 | |a Planeación Urbana | ||
| 650 | |a Urbanismo | ||
| 910 | |a Fondo General | ||
| 920 | |a Impresos - Libros | ||
| 930 | |a Colección General | ||
| 905 | |a 101 | ||
| 901 | |a 0500010634 |b IT1 |c ACC |u 20250521 | ||
| 902 | |a https://opac.biblio.iteso.mx/vufind/Record/000053026 | ||